|
|
|
|
| LEADER |
00857nta a2200205 i 4500 |
| 001 |
dipl130861 |
| 005 |
20221102103529.0 |
| 008 |
221026s2013 hu om 0|| hun d |
| 040 |
|
|
|a SZTE Diploma Repozitórium
|b hun
|
| 041 |
|
|
|a hun
|
| 100 |
1 |
|
|a Domonkos Bianka
|
| 245 |
1 |
0 |
|a HR eszközök elemzése és a munkáltatói márka kialakítása a tehetségek vonzása céljából
|h [elektronikus dokumentum] /
|c Bianka Domonkos
|
| 246 |
1 |
0 |
|a The analysis of human resource tools and the formation of employer branding in order to the attraction of the talents
|h [elektronikus dokumentum]
|
| 260 |
|
|
|c 2013
|
| 650 |
|
4 |
|a Jogi és igazgatási tanulmányok
|
| 650 |
|
4 |
|a Social sciences
|
| 650 |
|
4 |
|a Sociology
|
| 650 |
|
4 |
|a Law
|
| 700 |
1 |
|
|a Kürtösi Zsófia
|e ths
|
| 856 |
4 |
0 |
|u https://diploma.bibl.u-szeged.hu/id/eprint/130861/1/2013_domonkos_bianka.pdf
|z Dokumentum-elérés
|